| 000 | 00792nam a2200241 u 4500 | ||
|---|---|---|---|
| 005 | 20230922063850.0 | ||
| 008 | 121122s2004 r 000 0 eng d | ||
| 035 | _aUPN01000188871 | ||
| 049 | _aI | ||
| 050 | 4 |
_aPQ8098.23 U5.6 _bV5.2 |
|
| 100 | 1 |
_aMuñoz Chereau, Bernardita, _d1975- _933746 |
|
| 245 | 1 | 3 |
_aEl viaje circular / _cBernardita Muñoz Chereau. |
| 260 |
_a[Santiago de Chile] : _bRecrea, _a[2010?] |
||
| 300 |
_a20 p. : _bil. col. |
||
| 440 | 0 |
_aCuenta y recrea. _pRunrún |
|
| 501 | _aCon: Una mamá cuelgalotodo / Fernanda Piderit G. | ||
| 650 | 4 |
_aLiteratura infantil chilena _915614 |
|
| 650 | 4 |
_aCUENTOS INFANTILES CHILENOS _911282 |
|
| 700 | 1 |
_aPiderit G., Fernanda, _d1971-, _ecoaut. |
|
| 740 | 4 | _aUna mamá cuelgalotodo | |
| 905 | _aInfantil | ||
| 999 |
_c160974 _d160974 |
||